[Event "POL-chT 47th"]
[Site "Mikolajki"]
[Date "1991.09.??"]
[Round "3"]
[White "Bany, Jerzy"]
[Black "Pyda, Zbigniew"]
[Result "1-0"]
[WhiteElo "2420"]
[BlackElo "2375"]
[PlyCount "57"]
[EventDate "1991.09.20"]
[EventType "team-swiss"]
[EventRounds "9"]
[EventCountry "POL"]
[SourceTitle "EXT 2019"]
[Source "ChessBase"]
[SourceDate "2018.10.10"]
[SourceVersion "1"]
[SourceVersionDate "2018.10.10"]
[SourceQuality "1"]
[WhiteTeam "Bytom Start"]
[BlackTeam "Lublin Start"]
[WhiteTeamCountry "POL"]
[BlackTeamCountry "POL"]

1. d4 f5 2. Nf3 Nf6 3. Bg5 g6 4. Nbd2 Bg7 5. c3 0-0 6. Qb3+ Kh8 7. h4 d5 8. e3 c6 9. Be2 Nbd7 10. c4 h6 11. Bf4 e6 12. Bd6 Rf7 13. Ne5 Nxe5 14. Bxe5 Ne4 15. Nxe4 Bxe5 16. Ng5 hxg5 17. hxg5+ Rh7 18. Rxh7+ Kxh7 19. dxe5 Qxg5 20. 0-0-0 b6 21. Qa3 Bb7 22. cxd5 cxd5 23. Qd6 Re8 24. Bb5 Rc8+ 25. Kb1 Qh5 26. Qe7+ Kh8 27. Qf6+ Kh7 28. Be2 Qh6 29. Qf7+ 1-0

[Event "POL-chT 47th"]
[Site "Mikolajki"]
[Date "1991.09.??"]
[Round "4"]
[White "Bany, Jerzy"]
[Black "Sznapik, Aleksander"]
[Result "1-0"]
[WhiteElo "2420"]
[BlackElo "2465"]
[PlyCount "99"]
[EventDate "1991.09.20"]
[EventType "team-swiss"]
[EventRounds "9"]
[EventCountry "POL"]
[SourceTitle "EXT 2019"]
[Source "ChessBase"]
[SourceDate "2018.10.10"]
[SourceVersion "1"]
[SourceVersionDate "2018.10.10"]
[SourceQuality "1"]
[WhiteTeam "Bytom Start"]
[BlackTeam "Warszawa Maraton"]
[WhiteTeamCountry "POL"]
[BlackTeamCountry "POL"]

1. Nf3 Nf6 2. c4 g6 3. b3 Bg7 4. Bb2 0-0 5. g3 d6 6. d4 e5 7. dxe5 Ng4 8. Nc3 Nxe5 9. Nxe5 dxe5 10. Bg2 Nc6 11. 0-0 Bf5 12. Nd5 Re8 13. Qd2 Qd7 14. Rad1 Rad8 15. Qg5 Nd4 16. Kh1 Kh8 17. Qh4 h6 18. Bc1 Bc2 19. Bxh6 Nf5 20. Bxg7+ Kxg7 21. Qf6+ Kh7 22. Qg5 Bxd1 23. Nf6+ Kg7 24. Nxd7 Rxd7 25. Be4 f6 26. Qg4 Rd4 27. Rxd1 Rxd1+ 28. Kg2 Ne7 29. Bxb7 Rd4 30. Qf3 Nf5 31. Qc6 Re7 32. Qc5 Rd2 33. e4 Nd6 34. Qa5 Rc2 35. Bc6 f5 36. exf5 gxf5 37. Qxa7 e4 38. Qd4+ Kg6 39. c5 Nf7 40. g4 Rxa2 41. gxf5+ Kxf5 42. b4 Ra3 43. h4 e3 44. Bd7+ Kg6 45. h5+ Kh7 46. Bf5+ Kg8 47. Qf6 Kf8 48. h6 Ke8 49. h7 Ra2 50. Bg6 1-0

[Event "POL-chT 47th"]
[Site "Mikolajki"]
[Date "1991.09.??"]
[Round "5"]
[White "Ocytko, Andrzej"]
[Black "Bany, Jerzy"]
[Result "1/2-1/2"]
[WhiteElo "2305"]
[BlackElo "2420"]
[PlyCount "89"]
[EventDate "1991.09.20"]
[EventType "team-swiss"]
[EventRounds "9"]
[EventCountry "POL"]
[SourceTitle "EXT 2019"]
[Source "ChessBase"]
[SourceDate "2018.10.10"]
[SourceVersion "1"]
[SourceVersionDate "2018.10.10"]
[SourceQuality "1"]
[WhiteTeam "Bialystok Jagiellonia"]
[BlackTeam "Bytom Start"]
[WhiteTeamCountry "POL"]
[BlackTeamCountry "POL"]

1. e4 e6 2. d4 d5 3. Nc3 Nc6 4. Nf3 Nf6 5. e5 Ne4 6. Ne2 f6 7. exf6 Qxf6 8. Ng3 Bd6 9. Bd3 Bxg3 10. hxg3 Bd7 11. Bf4 0-0-0 12. Bxe4 dxe4 13. Ne5 Rhf8 14. Qd2 h6 15. Nxc6 Bxc6 16. Qa5 Qe7 17. 0-0-0 Kb8 18. c4 e3 19. f3 e2 20. Rd3 g5 21. Be5 g4 22. f4 b6 23. Qc3 Bxg2 24. Rxh6 Bf3 25. Kd2 Rf7 26. Rxf3 gxf3 27. Qxf3 Rh7 28. Rxh7 Qxh7 29. Qc6 Rg8 30. d5 exd5 31. cxd5 e1Q+ 32. Kxe1 Qh1+ 33. Kf2 Qh2+ 34. Kf1 Qh3+ 35. Ke2 Qg2+ 36. Ke1 Qg1+ 37. Kd2 Qf2+ 38. Kd1 Qf3+ 39. Kc2 Qe2+ 40. Kc1 Qe3+ 41. Kd1 Qd3+ 42. Kc1 Qf1+ 43. Kd2 Qf2+ 44. Kd1 Qf3+ 45. Kd2 1/2-1/2

[Event "Dortmund-C"]
[Site "Dortmund"]
[Date "1991.??.??"]
[Round "3"]
[White "Thesing, Matthias"]
[Black "Bany, Jerzy"]
[Result "1-0"]
[WhiteElo "2405"]
[BlackElo "2430"]
[PlyCount "59"]
[EventDate "1991.03.23"]
[EventType "tourn"]
[EventRounds "9"]
[EventCountry "GER"]
[EventCategory "8"]
[SourceTitle "CBM 023"]
[Source "ChessBase"]
[SourceDate "1991.08.01"]
[SourceVersion "1"]
[SourceVersionDate "1991.08.01"]
[SourceQuality "1"]

1. d4 e6 2. Nf3 f5 3. Bg5 Be7 4. Bxe7 Qxe7 5. Nc3 Nf6 6. e3 d6 7. Bc4 Nbd7 8. 0-0 0-0 9. Bd3 d5 10. Ne2 Ne4 11. c4 c6 12. Qc2 Rf6 13. h4 Rh6 14. g3 b6 15. Rab1 Bb7 16. Nf4 c5 17. cxd5 exd5 18. Bb5 Ndf6 19. Ne5 Rc8 20. Qe2 c4 21. Ba4 Qb4 22. Bc2 Ba6 23. Rfc1 Qa5 24. Bxe4 Nxe4 25. b4 cxb3 26. Rxc8+ Bxc8 27. axb3 Ba6 28. Qc2 Rf6 29. Qc7 g6 30. Ne6 1-0

[Event "POL-chT 46th prel"]
[Site "Bydgoszcz"]
[Date "1990.09.21"]
[Round "6"]
[White "Kaczorowski, Piotr"]
[Black "Bany, Jerzy"]
[Result "0-1"]
[WhiteElo "2205"]
[BlackElo "2430"]
[PlyCount "64"]
[EventDate "1990.09.16"]
[EventType "team-swiss"]
[EventRounds "6"]
[EventCountry "POL"]
[SourceTitle "EXT 2019"]
[Source "ChessBase"]
[SourceDate "2018.10.10"]
[SourceVersion "1"]
[SourceVersionDate "2018.10.10"]
[SourceQuality "1"]
[WhiteTeam "Warszawa AZS UW"]
[BlackTeam "Bytom Start"]
[WhiteTeamCountry "POL"]
[BlackTeamCountry "POL"]

1. e4 e6 2. d4 d5 3. exd5 exd5 4. Bf4 Bd6 5. Bxd6 Qxd6 6. Bd3 Nf6 7. c3 0-0 8. Ne2 c5 9. 0-0 c4 10. Bc2 Ng4 11. Ng3 f5 12. h3 f4 13. hxg4 fxg3 14. fxg3 Rxf1+ 15. Qxf1 Qxg3 16. Bf5 Bxf5 17. Qxf5 Qe1+ 18. Qf1 Qe3+ 19. Kh1 Nd7 20. Na3 Rf8 21. Qe1 Qh6+ 22. Kg1 Qg6 23. g5 Rf5 24. Qe2 Rxg5 25. Re1 Nf8 26. Nc2 h6 27. Ne3 Nd7 28. Qf3 Nf6 29. Qf4 Kh7 30. Qf3 Rg3 31. Qf5 Rxg2+ 32. Kh1 Rxb2 0-1

[Event "POL-chT 46th prel"]
[Site "Bydgoszcz"]
[Date "1990.09.20"]
[Round "5"]
[White "Bany, Jerzy"]
[Black "Strzelecki, Krzysztof"]
[Result "1/2-1/2"]
[WhiteElo "2430"]
[BlackElo "2380"]
[PlyCount "22"]
[EventDate "1990.09.16"]
[EventType "team-swiss"]
[EventRounds "6"]
[EventCountry "POL"]
[SourceTitle "EXT 2019"]
[Source "ChessBase"]
[SourceDate "2018.10.10"]
[SourceVersion "1"]
[SourceVersionDate "2018.10.10"]
[SourceQuality "1"]
[WhiteTeam "Bytom Start"]
[BlackTeam "Gliwice Piast"]
[WhiteTeamCountry "POL"]
[BlackTeamCountry "POL"]

1. d4 Nc6 2. Nf3 d6 3. g3 e5 4. dxe5 Nxe5 5. Bg2 Nf6 6. b3 c6 7. Nxe5 dxe5 8. Qxd8+ Kxd8 9. Bb2 Bc5 10. Nd2 Re8 11. 0-0-0 Kc7 1/2-1/2

[Event "POL-chT 46th prel"]
[Site "Bydgoszcz"]
[Date "1990.09.19"]
[Round "4"]
[White "Pinkas, Karol"]
[Black "Bany, Jerzy"]
[Result "0-1"]
[WhiteElo "2380"]
[BlackElo "2430"]
[PlyCount "66"]
[EventDate "1990.09.16"]
[EventType "team-swiss"]
[EventRounds "6"]
[EventCountry "POL"]
[SourceTitle "EXT 2019"]
[Source "ChessBase"]
[SourceDate "2018.10.10"]
[SourceVersion "1"]
[SourceVersionDate "2018.10.10"]
[SourceQuality "1"]
[WhiteTeam "Katowice Start"]
[BlackTeam "Bytom Start"]
[WhiteTeamCountry "POL"]
[BlackTeamCountry "POL"]

1. e4 e6 2. d4 d5 3. Nc3 Nc6 4. Bb5 dxe4 5. Nxe4 Qd5 6. Qd3 Nf6 7. Nxf6+ gxf6 8. Nf3 Bd7 9. c4 Qh5 10. 0-0 0-0-0 11. Bf4 e5 12. dxe5 Rg8 13. Bg3 Nxe5 14. Nxe5 Bxb5 15. Qe3 Be8 16. Nd3 Bd6 17. Nf4 Qg5 18. Qxa7 Bc6 19. Rad1 Qxf4 20. Rfe1 Qxc4 21. Re7 Qa4 22. Qxa4 Bxa4 23. Bxd6 Bxd1 24. Rxc7+ Kb8 25. Bf4 Ka7 26. Be3+ Ka8 27. Rc3 Be2 28. h3 Rd1+ 29. Kh2 Rb1 30. Bd4 Bf1 31. g4 f5 32. gxf5 b5 33. Rc7 Bg2 0-1

[Event "POL-chT 46th prel"]
[Site "Bydgoszcz"]
[Date "1990.09.18"]
[Round "3"]
[White "Bany, Jerzy"]
[Black "Moroz, Alexander"]
[Result "0-1"]
[WhiteElo "2430"]
[BlackElo "2330"]
[PlyCount "74"]
[EventDate "1990.09.16"]
[EventType "team-swiss"]
[EventRounds "6"]
[EventCountry "POL"]
[SourceTitle "EXT 2019"]
[Source "ChessBase"]
[SourceDate "2018.10.10"]
[SourceVersion "1"]
[SourceVersionDate "2018.10.10"]
[SourceQuality "1"]
[WhiteTeam "Bytom Start"]
[BlackTeam "Bydgoszcz Chemik"]
[WhiteTeamCountry "POL"]
[BlackTeamCountry "POL"]

1. d4 d5 2. c4 e6 3. Nf3 c6 4. Qc2 Bd6 5. Bg5 f6 6. Bh4 Ne7 7. Bg3 Nf5 8. Bxd6 Nxd6 9. Nbd2 f5 10. g3 Nd7 11. Bg2 0-0 12. 0-0 Nf6 13. Ne5 Bd7 14. b4 a5 15. a3 a4 16. Rab1 Be8 17. Rfe1 Qe7 18. f3 Nd7 19. Nxd7 Qxd7 20. c5 Nb5 21. Qd3 f4 22. gxf4 Rxf4 23. Qe3 Rxd4 24. Bh3 Bf7 25. f4 Qe7 26. Rbd1 Qf6 27. Rf1 Re8 28. Rf2 Bg6 29. Rdf1 Nxa3 30. Nf3 Nc2 31. Qc1 Rxf4 32. e3 Rxb4 33. e4 Bxe4 34. Ng5 Bf5 35. Nxe6 Qg6+ 36. Rg2 Qxe6 37. Bxf5 Qe3+ 0-1

[Event "POL-chT 46th prel"]
[Site "Bydgoszcz"]
[Date "1990.09.16"]
[Round "1"]
[White "Swic, Waldemar"]
[Black "Bany, Jerzy"]
[Result "1/2-1/2"]
[WhiteElo "2315"]
[BlackElo "2430"]
[PlyCount "37"]
[EventDate "1990.09.16"]
[EventType "team-swiss"]
[EventRounds "6"]
[EventCountry "POL"]
[SourceTitle "EXT 2019"]
[Source "ChessBase"]
[SourceDate "2018.10.10"]
[SourceVersion "1"]
[SourceVersionDate "2018.10.10"]
[SourceQuality "1"]
[WhiteTeam "Gryfow Slaski Hetman"]
[BlackTeam "Bytom Start"]
[WhiteTeamCountry "POL"]
[BlackTeamCountry "POL"]

1. e4 e6 2. d4 d5 3. Nd2 a6 4. Ngf3 c5 5. dxc5 Bxc5 6. Bd3 Nf6 7. 0-0 Nc6 8. a3 Ba7 9. b4 dxe4 10. Nxe4 Nxe4 11. Bxe4 Qxd1 12. Rxd1 Bd7 13. Bb2 f6 14. c4 Nd8 15. Bd4 Bc6 16. Bxc6+ Nxc6 17. Bxa7 Rxa7 18. Nd4 Ke7 19. Nb3 1/2-1/2

[Event "POL-ch 47th"]
[Site "Warsaw"]
[Date "1990.??.??"]
[Round "4"]
[White "Bany, Jerzy"]
[Black "Dejkalo, Stefan"]
[Result "1/2-1/2"]
[WhiteElo "2450"]
[BlackElo "2410"]
[PlyCount "92"]
[EventDate "1990.03.11"]
[EventType "tourn"]
[EventRounds "15"]
[EventCountry "POL"]
[EventCategory "7"]
[SourceTitle "EXT 1997"]
[Source "ChessBase"]
[SourceDate "1996.11.15"]
[SourceVersion "1"]
[SourceVersionDate "1996.11.15"]
[SourceQuality "1"]

1. d4 Nf6 2. Nf3 e6 3. c4 c5 4. e3 cxd4 5. Nxd4 Nc6 6. Be2 Bb4+ 7. Bd2 Bxd2+ 8. Nxd2 0-0 9. N2b3 d5 10. cxd5 Nxd4 11. Qxd4 Qxd5 12. Qxd5 Nxd5 13. Bf3 Nb4 14. 0-0 Nd3 15. Rab1 Ne5 16. Be4 f5 17. Bc2 Kf7 18. Rbc1 Bd7 19. Nc5 b6 20. Nxd7 Nxd7 21. Rfd1 Ke7 22. Kf1 Rac8 23. Ke2 Rc7 24. Ba4 Rxc1 25. Rxc1 Nc5 26. Bc2 a5 27. Rd1 h6 28. a3 Rc8 29. Rd4 Nb7 30. Kd2 Nd6 31. Kc1 g5 32. Kb1 Rc4 33. Rd3 Ne4 34. f3 Nc5 35. Rd2 h5 36. Re2 Rh4 37. g3 Rh3 38. f4 gxf4 39. exf4 Kf6 40. b4 axb4 41. axb4 Ne4 42. Kb2 e5 43. Bxe4 fxe4 44. Rxe4 Rxh2+ 45. Kc3 exf4 46. Rxf4+ Kg5 1/2-1/2

[Event "POL-ch 47th"]
[Site "Warsaw"]
[Date "1990.??.??"]
[Round "6"]
[White "Bany, Jerzy"]
[Black "Gdanski, Jacek"]
[Result "1-0"]
[WhiteElo "2450"]
[BlackElo "2430"]
[PlyCount "79"]
[EventDate "1990.03.11"]
[EventType "tourn"]
[EventRounds "15"]
[EventCountry "POL"]
[EventCategory "7"]
[SourceTitle "EXT 1997"]
[Source "ChessBase"]
[SourceDate "1996.11.15"]
[SourceVersion "1"]
[SourceVersionDate "1996.11.15"]
[SourceQuality "1"]

1. Nf3 c5 2. b3 Nf6 3. Bb2 e6 4. e3 Be7 5. d4 0-0 6. Bd3 b6 7. 0-0 Bb7 8. c4 cxd4 9. Nxd4 d6 10. Nd2 Nbd7 11. Rc1 a6 12. Qe2 Re8 13. Rfd1 Bf8 14. Bb1 Rc8 15. Nf1 Qc7 16. Ng3 Qb8 17. Nf3 Qa8 18. Rd2 Bc6 19. e4 b5 20. Nd4 bxc4 21. Nxc6 Rxc6 22. Rxc4 Rxc4 23. Qxc4 Rc8 24. Qe2 a5 25. Rc2 Rxc2 26. Qxc2 g6 27. Qc4 h5 28. h3 Bg7 29. Qb5 Qa7 30. Bc3 h4 31. Ne2 d5 32. exd5 Nxd5 33. Qxa5 Qb8 34. Bxg7 Kxg7 35. Qd2 Qe5 36. Bd3 Nc5 37. Bc4 Qa1+ 38. Qc1 Qxa2 39. b4 Nb3 40. Qd1 1-0

[Event "Dortmund op"]
[Site "Dortmund"]
[Date "1990.??.??"]
[Round "6"]
[White "Bany, Jerzy"]
[Black "Smagin, Sergey"]
[Result "1/2-1/2"]
[WhiteElo "2450"]
[BlackElo "2520"]
[PlyCount "103"]
[EventDate "1990.04.??"]
[EventType "swiss"]
[EventRounds "11"]
[EventCountry "GER"]
[SourceTitle "EXT 1997"]
[Source "ChessBase"]
[SourceDate "1996.11.15"]
[SourceVersion "1"]
[SourceVersionDate "1996.11.15"]
[SourceQuality "1"]

1. d4 Nf6 2. Nf3 e6 3. c4 d5 4. g3 dxc4 5. Qa4+ Nbd7 6. Bg2 a6 7. Nc3 Rb8 8. Qxc4 b5 9. Qd3 Bb7 10. 0-0 c5 11. Bf4 Rc8 12. dxc5 Bxc5 13. Rad1 0-0 14. Ne5 Bxg2 15. Kxg2 Nxe5 16. Bxe5 Be7 17. Qf3 Qb6 18. Rd2 Rfd8 19. Rfd1 Rxd2 20. Rxd2 Qc6 21. Bxf6 Bxf6 22. Qxc6 Rxc6 23. Ne4 Be7 24. Rd7 Kf8 25. Ra7 f5 26. Nc3 Bf6 27. e3 g5 28. h3 h5 29. a3 g4 30. hxg4 hxg4 31. Kf1 Be7 32. Ne2 e5 33. Nc3 Bc5 34. Ra8+ Kf7 35. Ke2 Ke6 36. Re8+ Be7 37. Kd3 Rd6+ 38. Ke2 Rd8 39. Rxd8 Bxd8 40. e4 Bb6 41. exf5+ Kxf5 42. Nd5 Bd4 43. b4 Ke6 44. Nc7+ Kd6 45. Nxa6 e4 46. Nc5 Bxc5 47. bxc5+ Kxc5 48. Ke3 Kc4 49. Kxe4 Kb3 50. f4 gxf3 51. Kxf3 Kxa3 52. g4 1/2-1/2

[Event "Porz Citroen-Cup"]
[Site "Cologne"]
[Date "1990.??.??"]
[Round "6"]
[White "Westerinen, Heikki MJ"]
[Black "Bany, Jerzy"]
[Result "1/2-1/2"]
[WhiteElo "2450"]
[BlackElo "2430"]
[PlyCount "55"]
[EventDate "1990.12.??"]
[EventType "tourn"]
[EventRounds "9"]
[EventCountry "GER"]
[EventCategory "7"]
[SourceTitle "CBM 021"]
[Source "ChessBase"]
[SourceDate "1991.04.01"]
[SourceVersion "1"]
[SourceVersionDate "1991.04.01"]
[SourceQuality "1"]

1. e4 e6 2. d4 d5 3. Nc3 Nc6 4. Nf3 Nf6 5. Bg5 Be7 6. e5 Ne4 7. Bxe7 Qxe7 8. a3 Bd7 9. Qd3 Nxc3 10. Qxc3 f6 11. Qe3 0-0-0 12. c4 Rhf8 13. Bd3 fxe5 14. Nxe5 Nxe5 15. Qxe5 dxc4 16. Bxc4 Qf6 17. 0-0 Qxe5 18. dxe5 Rf4 19. Bb3 Rdf8 20. f3 R8f5 21. Rfe1 g5 22. Bc2 Rf7 23. Be4 Rg7 24. g3 Rf8 25. Kf2 Be8 26. Rad1 Bg6 27. Bxg6 hxg6 28. Rd4 1/2-1/2

[Event "Porz op 23rd"]
[Site "Cologne"]
[Date "1989.??.??"]
[Round "5"]
[White "Bany, Jerzy"]
[Black "Begnis, Nikolaos"]
[Result "1-0"]
[WhiteElo "2440"]
[BlackElo "2245"]
[PlyCount "61"]
[EventDate "1989.??.??"]
[EventType "swiss"]
[EventRounds "9"]
[EventCountry "GER"]
[SourceTitle "EXT 1997"]
[Source "ChessBase"]
[SourceDate "1996.11.15"]
[SourceVersion "1"]
[SourceVersionDate "1996.11.15"]
[SourceQuality "1"]

1. d4 Nf6 2. Nf3 g6 3. c4 Bg7 4. g3 0-0 5. Bg2 d6 6. Nc3 c6 7. 0-0 Qa5 8. e4 Qh5 9. e5 dxe5 10. dxe5 Ng4 11. Re1 Nd7 12. Bf4 g5 13. Bxg5 Ndxe5 14. Bh4 Ng6 15. h3 Nf6 16. Qb3 Nxh4 17. Nxh4 Re8 18. Re3 Qa5 19. Rae1 e6 20. Re5 Qd8 21. R5e2 Rf8 22. Nf3 Nd7 23. Ne4 Qe7 24. Rd1 e5 25. Nd6 Nb6 26. c5 Nd5 27. Rde1 Be6 28. Qc2 f6 29. Nd4 exd4 30. Rxe6 Ne3 31. Qb3 1-0

[Event "Athens op"]
[Site "Athens"]
[Date "1989.??.??"]
[Round "?"]
[White "Bany, Jerzy"]
[Black "Pandavos, Panayotis"]
[Result "1-0"]
[WhiteElo "2440"]
[BlackElo "2300"]
[PlyCount "77"]
[EventDate "1989.??.??"]
[EventType "swiss"]
[EventRounds "9"]
[EventCountry "GRE"]
[SourceTitle "EXT 1997"]
[Source "ChessBase"]
[SourceDate "1996.11.15"]
[SourceVersion "1"]
[SourceVersionDate "1996.11.15"]
[SourceQuality "1"]

1. Nf3 c5 2. b3 Nf6 3. Bb2 e6 4. e3 Be7 5. d4 cxd4 6. exd4 0-0 7. Bd3 b6 8. 0-0 Bb7 9. Nbd2 d6 10. Re1 Nbd7 11. a3 Rc8 12. Rc1 Nd5 13. c4 Nf4 14. Bf1 d5 15. g3 Ng6 16. Bg2 Bf6 17. Nf1 Ba6 18. Ne3 dxc4 19. bxc4 b5 20. cxb5 Bxb5 21. Rxc8 Qxc8 22. Qb3 Qa6 23. Rc1 Ba4 24. Qc4 Bb5 25. Qb4 Be7 26. Qd2 Rd8 27. d5 Nb6 28. Nd4 Nxd5 29. Bxd5 exd5 30. Ndf5 d4 31. Bxd4 Bf6 32. Qb2 Bxd4 33. Nxd4 Bd3 34. Nc6 Re8 35. Nb4 Qd6 36. Rd1 Ne5 37. Nxd3 Nxd3 38. Qc3 Rd8 39. Nf5 1-0

[Event "Athens op"]
[Site "Athens"]
[Date "1989.??.??"]
[Round "?"]
[White "Papastavropoulos, Andreas"]
[Black "Bany, Jerzy"]
[Result "0-1"]
[WhiteElo "2205"]
[BlackElo "2440"]
[PlyCount "86"]
[EventDate "1989.??.??"]
[EventType "swiss"]
[EventRounds "9"]
[EventCountry "GRE"]
[SourceTitle "EXT 1997"]
[Source "ChessBase"]
[SourceDate "1996.11.15"]
[SourceVersion "1"]
[SourceVersionDate "1996.11.15"]
[SourceQuality "1"]

1. e4 e6 2. d4 d5 3. Bd3 dxe4 4. Bxe4 Nf6 5. Bf3 c5 6. c3 Nc6 7. Ne2 e5 8. Bxc6+ bxc6 9. Qa4 exd4 10. cxd4 Qb6 11. 0-0 Be7 12. Be3 Qa6 13. Qc2 g6 14. Ng3 Nd5 15. dxc5 Nxe3 16. fxe3 0-0 17. Nd2 Be6 18. b4 Qa3 19. Nb3 Qxb4 20. Ne4 f5 21. Ned2 Bg5 22. Rf3 Bd5 23. Rg3 Bh4 24. Rh3 Bf6 25. Rf1 Rae8 26. Rf4 Qb8 27. Qd3 Re7 28. Nc4 Be4 29. Qd1 Rd8 30. Qc1 Rd3 31. Nd6 Bd5 32. Rg3 Bxb3 33. axb3 Qxb3 34. Rf1 Bg7 35. Re1 f4 36. Rf3 Rexe3 37. Rfxe3 Rxe3 38. Rd1 h6 39. h3 Kh7 40. Rf1 f3 41. Qd2 Re2 42. Qf4 fxg2 43. Rf2 Qxh3 0-1

[Event "Warsaw op"]
[Site "Warsaw"]
[Date "1989.??.??"]
[Round "?"]
[White "Raaste, Eero J"]
[Black "Bany, Jerzy"]
[Result "0-1"]
[WhiteElo "2395"]
[BlackElo "2440"]
[PlyCount "86"]
[EventDate "1989.04.??"]
[EventType "swiss"]
[EventRounds "9"]
[EventCountry "POL"]
[SourceTitle "EXT 1997"]
[Source "ChessBase"]
[SourceDate "1996.11.15"]
[SourceVersion "1"]
[SourceVersionDate "1996.11.15"]
[SourceQuality "1"]

1. e4 e6 2. d4 d5 3. Nc3 Bb4 4. e5 Ne7 5. a3 Bxc3+ 6. bxc3 b6 7. Qg4 Ng6 8. Bd3 Ba6 9. Bxg6 hxg6 10. Nf3 Qd7 11. a4 Nc6 12. Bg5 Na5 13. Nd2 c5 14. dxc5 Qc7 15. Be3 bxc5 16. f4 Rb8 17. Qd1 Rd8 18. Bf2 Qc6 19. h4 Bb7 20. Qf3 Ba6 21. Rh3 Rb8 22. h5 gxh5 23. Rxh5 Kd7 24. Qh3 Qc8 25. Rxh8 Qxh8 26. Bxc5 Qxh3 27. gxh3 Rh8 28. 0-0-0 Rxh3 29. Kb2 Rh4 30. Bxa7 Rxf4 31. Bd4 g5 32. Rg1 g4 33. Be3 Rxa4 34. Bd4 Be2 35. Rg2 Bf3 36. Nxf3 gxf3 37. Rf2 Nc4+ 38. Kb3 Ra8 39. Kb4 Rb8+ 40. Ka4 f6 41. exf6 e5 42. Rxf3 exd4 43. cxd4 Ke6 0-1

[Event "Porz op 23rd"]
[Site "Cologne"]
[Date "1989.??.??"]
[Round "8"]
[White "Schneider, Bernd"]
[Black "Bany, Jerzy"]
[Result "1/2-1/2"]
[WhiteElo "2200"]
[BlackElo "2440"]
[PlyCount "54"]
[EventDate "1989.??.??"]
[EventType "swiss"]
[EventRounds "9"]
[EventCountry "GER"]
[SourceTitle "EXT 1997"]
[Source "ChessBase"]
[SourceDate "1996.11.15"]
[SourceVersion "1"]
[SourceVersionDate "1996.11.15"]
[SourceQuality "1"]

1. c4 e6 2. Nf3 d5 3. d4 Nf6 4. Nc3 Nbd7 5. cxd5 exd5 6. Bf4 Nb6 7. e3 Bf5 8. Rc1 c6 9. Be2 Be7 10. Ne5 Nfd7 11. Nxd7 Qxd7 12. 0-0 0-0 13. a4 a5 14. Bd3 Bxd3 15. Qxd3 Rfe8 16. Rc2 Bd6 17. Bxd6 Qxd6 18. Ra1 Qb4 19. b3 Nc8 20. Na2 Qb6 21. Nc1 Nd6 22. Rb1 Qd8 23. Qd1 Qh4 24. Nd3 Re6 25. h3 Qg5 26. Nf4 Ree8 27. Qh5 Qe7 1/2-1/2

[Event "Istanbul"]
[Site "Istanbul"]
[Date "1988.??.??"]
[Round "?"]
[White "Atalik, Suat"]
[Black "Bany, Jerzy"]
[Result "0-1"]
[WhiteElo "2390"]
[BlackElo "2450"]
[PlyCount "84"]
[EventDate "1988.??.??"]
[EventType "tourn"]
[EventRounds "13"]
[EventCountry "TUR"]
[SourceTitle "EXT 2000"]
[Source "ChessBase"]
[SourceDate "1999.11.16"]
[SourceVersion "1"]
[SourceVersionDate "1999.11.16"]
[SourceQuality "1"]

1. d4 e6 2. c4 f5 3. g3 Nf6 4. Bg2 c6 5. Nf3 d5 6. 0-0 Bd6 7. b3 Qe7 8. a4 0-0 9. Ba3 Bxa3 10. Nxa3 a5 11. Nc2 b6 12. Nce1 Bb7 13. Nd3 Na6 14. Rc1 c5 15. cxd5 exd5 16. Qd2 Ne4 17. Qb2 Rac8 18. Rfd1 Nb4 19. Nfe5 Rc7 20. e3 Rfc8 21. Bf1 Kh8 22. Nf4 Qf6 23. Qe2 Ba6 24. Qh5 Bxf1 25. Kxf1 Kg8 26. Ned3 g6 27. Qe2 Nxd3 28. Rxd3 c4 29. Rdd1 Qd6 30. bxc4 Rxc4 31. Rxc4 Rxc4 32. Ra1 Qc6 33. Qa2 Nc3 34. Qa3 g5 35. Nh5 Kf7 36. Qb3 Ne4 37. Kg2 Rb4 38. Qa2 Qc4 39. f3 Nd6 40. g4 Qxa2+ 41. Rxa2 Nc4 42. Re2 fxg4 0-1

[Event "POL-ch 45th"]
[Site "Lublin"]
[Date "1988.??.??"]
[Round "1"]
[White "Bany, Jerzy"]
[Black "Borkowski, Franciszek"]
[Result "1-0"]
[WhiteElo "2450"]
[BlackElo "2415"]
[PlyCount "175"]
[EventDate "1988.02.27"]
[EventType "tourn"]
[EventRounds "15"]
[EventCountry "POL"]
[EventCategory "7"]
[SourceTitle "EXT 1997"]
[Source "ChessBase"]
[SourceDate "1996.11.15"]
[SourceVersion "1"]
[SourceVersionDate "1996.11.15"]
[SourceQuality "1"]

1. d4 Nf6 2. Nf3 g6 3. c4 Bg7 4. g3 0-0 5. Bg2 d6 6. 0-0 Nbd7 7. Nc3 e5 8. e4 Re8 9. h3 a5 10. Re1 exd4 11. Nxd4 c6 12. b3 Nc5 13. Bf4 Nh5 14. Be3 a4 15. b4 Ne6 16. Nde2 f5 17. exf5 gxf5 18. Qd2 Qf6 19. Rad1 Bf8 20. g4 Nhg7 21. Ng3 f4 22. Nge4 Qf7 23. Bd4 Be7 24. Bxg7 Qxg7 25. Ne2 Rf8 26. Bf3 Bd7 27. Nd4 Rae8 28. Nxe6 Bxe6 29. Nxd6 Bxd6 30. Qxd6 Bxc4 31. Rxe8 Rxe8 32. a3 Bb3 33. Rd4 Qe5 34. Qd7 Re7 35. Qc8+ Kg7 36. Rd7 Qe6 37. Rxe7+ Qxe7 38. Qf5 Qf6 39. Qd7+ Qf7 40. Qd4+ Qf6 41. Qb6 Qe7 42. Kg2 h6 43. Qd4+ Qf6 44. Qc5 Kf7 45. Qa7 Qe7 46. Qb8 c5 47. bxc5 Qxc5 48. Qxb7+ Kg8 49. Qc6 Qxa3 50. Qg6+ Kf8 51. Qxh6+ Ke7 52. Qg7+ Ke6 53. Qg6+ Ke7 54. Qg5+ Ke6 55. Qf5+ Ke7 56. Qe5+ Be6 57. Qc7+ Bd7 58. Qe5+ Be6 59. Qg7+ Kd8 60. Qd4+ Ke7 61. Bc6 f3+ 62. Kg3 Bb3 63. Qd7+ Kf8 64. Qe8+ Kg7 65. Qe5+ Kf8 66. h4 Qe7 67. Qb8+ Kg7 68. h5 Qe1 69. Bxf3 Qc3 70. Qa7+ Kg8 71. Kg2 Qg7 72. Qa8+ Kh7 73. Qe4+ Kh6 74. Qc6+ Kg5 75. Qc1+ Kf6 76. Qf4+ Ke7 77. Qc7+ Kf8 78. Qd8+ Kf7 79. Bd5+ Bxd5+ 80. Qxd5+ Ke7 81. Qe4+ Kf6 82. Qd4+ Kf7 83. Qxa4 Qe5 84. Qd7+ Kg8 85. Qf5 Qe7 86. h6 Kh8 87. g5 Qb7+ 88. Qf3 1-0

[Event "Rubinstein Memorial 26th"]
[Site "Polanica Zdroj"]
[Date "1988.??.??"]
[Round "15"]
[White "Bany, Jerzy"]
[Black "Bronstein, David Ionovich"]
[Result "1-0"]
[WhiteElo "2445"]
[BlackElo "2455"]
[PlyCount "85"]
[EventDate "1988.08.??"]
[EventType "tourn"]
[EventRounds "15"]
[EventCountry "POL"]
[EventCategory "9"]
[SourceTitle "EXT 1997"]
[Source "ChessBase"]
[SourceDate "1996.11.15"]
[SourceVersion "1"]
[SourceVersionDate "1996.11.15"]
[SourceQuality "1"]

1. d4 Nf6 2. Nf3 g6 3. c4 Bg7 4. g3 0-0 5. Bg2 d6 6. 0-0 Nbd7 7. Nc3 e5 8. e4 c6 9. b3 Re8 10. h3 a5 11. Re1 Rb8 12. Be3 b6 13. Qc2 Bb7 14. Rad1 Qc7 15. d5 Nc5 16. dxc6 Bxc6 17. Nd2 Qe7 18. Ndb1 Red8 19. Na3 Ne8 20. Nd5 Qb7 21. Bg5 Rd7 22. h4 Ne6 23. Be3 Bxd5 24. cxd5 Nc5 25. Bh3 Re7 26. Nb5 Rd8 27. a3 Nc7 28. Nc3 Rf8 29. b4 axb4 30. axb4 N5a6 31. Rb1 b5 32. Qd3 h5 33. Re2 Kh7 34. Ra2 Bh6 35. Bxh6 Kxh6 36. Ra5 Rb8 37. Bf1 Kg7 38. Nxb5 Ne8 39. Nxd6 Nxb4 40. Nxe8+ Rexe8 41. Qa3 Qe7 42. d6 Qxd6 43. Ra4 1-0